Associa il nome, al cognome dell'Artista - Statistics

Statistiche generali
  • Questo quiz è stato fatto 139 volte
  • Il punteggio medio è 23 su 57
Statistiche sulle risposte
Hint Risposta % Corretto
Andy Warhol
93%
Frida Kahlo
80%
Salvador Dalì
77%
Leonardo da Vinci
77%
Pablo Picasso
76%
Michelangelo Buonarroti
75%
Vincent van Gogh
74%
Antonio Canova
72%
Raffaello Sanzio
69%
Sandro Botticelli
67%
Piero della Francesca
64%
Francisco Goya
61%
Edvard Munch
60%
Gustav Klimt
59%
René Magritte
57%
Lorenzo Bernini
55%
Tiziano Vecellio
54%
Henri Matisse
53%
Marina Abramović
52%
Giorgio Vasari
52%
Filippo Brunelleschi
49%
Amedeo Modigliani
49%
Paul Gauguin
48%
Edgar Degas
43%
Jacques-Louis David
40%
Wassily Kandinsky
40%
Marcel Duchamp
39%
Eugène Delacroix
38%
Arnaldo Pomodoro
38%
Umberto Boccioni
37%
Maurizio Cattelan
36%
Katsushika Hokusai
34%
Andrea Mantegna
34%
Pierre-Auguste Renoir
33%
Keith Haring
32%
Jackson Pollock
32%
Lucio Fontana
31%
William Turner
31%
Piet Mondrian
28%
Caspar David Friedrich
23%
Jacopo Tintoretto
23%
Francesco Hayez
22%
Georges Seurat
20%
Jan van Eyck
20%
Anish Kapoor
17%
Giuseppe Pellizza
17%
Jeff Koons
16%
Johannes Vermeer
16%
Auguste Rodin
13%
Edward Hopper
11%
Arturo Di Modica
9%
Luigi Russolo
9%
Grant Wood
9%
Alessandro di Antiochia
6%
John Everett Millais
6%
Gutzon Borglum
5%
Frédéric-Auguste Bartholdi
1%
Nessun quiz corrispondente trovato
Distribuzione punteggi
Percentuale di utenti per punteggio
Percentile per numero di risposta
I tuoi punteggi nel tempo
Non hai fatto questo quiz